[Event "CYCC U12"]
[Site "Windsor CAN"]
[Date "2015.07.09"]
[Round "6.53"]
[White "Rodrigue-Lemieux, Shawn"]
[Black "Zhang, Henry"]
[Result "1-0"]
[WhiteElo "1991"]
[BlackElo "1839"]
[PlyCount "113"]
[EventDate "2015.07.06"]
[EventType "swiss"]
[EventRounds "7"]
[EventCountry "CAN"]

1. e4 c5 2. Nf3 Nc6 3. Bb5 Na5 4. O-O a6 5. Be2 b5 6. d4 cxd4 7. Nxd4 Bb7 8.
Nd2 e6 9. Bf3 d6 10. a4 Qb6 11. c3 Nf6 12. axb5 axb5 13. Qe2 b4 14. Qb5+ Qxb5
15. Nxb5 Kd7 16. cxb4 Nc6 17. Rxa8 Bxa8 18. Nc4 Bb7 19. Rd1 Nxb4 20. Nbxd6 Bxd6
21. Nxd6 Kc7 22. Bf4 Kb6 23. Nxf7 Rc8 24. Nd6 Rc2 25. h3 Ba6 26. Rd2 Rxd2 27.
Bxd2 Nd3 28. Bc3 Kc5 29. Nf7 Bc4 30. g4 h6 31. Nxh6 e5 32. Nf5 g6 33. Ne3 Ba6
34. g5 Nd7 35. Be2 Kd6 36. Bxd3 Bxd3 37. f3 Nc5 38. Bb4 Kc6 39. Bxc5 Kxc5 40.
Nd5 Kd6 41. Kf2 Bc4 42. b4 Bb5 43. h4 Be8 44. Nf6 Bf7 45. Kg3 Ke7 46. Kg4 Be6+
47. Kg3 Bf7 48. h5 gxh5 49. Kh4 Kf8 50. Nxh5 Ke7 51. Ng3 Be8 52. Kg4 Ke6 53.
Nf5 Bc6 54. g6 Kf6 55. g7 Kf7 56. g8=Q+ Kxg8 57. Ne7+ 1-0

[Event "CYCC U12"]
[Site "Windsor CAN"]
[Date "2015.07.09"]
[Round "7.52"]
[White "Pulfer, Luke"]
[Black "Rodrigue-Lemieux, Shawn"]
[Result "1-0"]
[WhiteElo "1995"]
[BlackElo "1991"]
[PlyCount "91"]
[EventDate "2015.07.06"]
[EventType "swiss"]
[EventRounds "7"]
[EventCountry "CAN"]

1. d4 d5 2. c4 e6 3. Nc3 Nf6 4. cxd5 exd5 5. Bg5 Nbd7 6. e3 c6 7. Bd3 Be7 8.
Nf3 O-O 9. O-O h6 10. Bh4 Re8 11. Nd2 Nf8 12. Rb1 Ng6 13. Bg3 Bd6 14. b4 Bxg3
15. hxg3 Bg4 16. Qb3 Qd6 17. a4 Re7 18. Rbc1 Rae8 19. Rfe1 Kh8 20. b5 h5 21.
bxc6 bxc6 22. Qc2 Nd7 23. f3 Bh3 24. Nf1 Be6 25. Bxg6 fxg6 26. Qxg6 Nf6 27. Ne2
Bf7 28. Qc2 Rc7 29. Nf4 Qb4 30. Nd3 Qa5 31. Ne5 Re6 32. Rb1 Ng8 33. Qf5 Rf6 34.
Nxf7+ Rcxf7 35. Qxh5+ Nh6 36. g4 Qc7 37. g5 Rf5 38. Qh4 Qd8 39. Ng3 Qxg5 40.
Nxf5 Qxf5 41. e4 dxe4 42. Rb8+ Kh7 43. Qxe4 Rd7 44. Rc8 Rxd4 45. Qxd4 Qxc8 46.
Qxa7 1-0

[Event "Laval op"]
[Site "Laval CAN"]
[Date "2015.06.19"]
[Round "1"]
[White "Rodrigue-Lemieux, Shawn"]
[Black "Libersan, Thierry"]
[Result "1-0"]
[WhiteElo "1668"]
[BlackElo "2124"]
[PlyCount "57"]
[EventDate "2015.06.19"]
[EventType "swiss"]
[EventRounds "5"]
[EventCountry "CAN"]

1. e4 c5 2. Nf3 e6 3. g3 Nc6 4. c3 d5 5. e5 f6 6. Bb5 Bd7 7. Qe2 Nxe5 8. Nxe5
fxe5 9. Qh5+ g6 10. Qxe5 Qf6 11. Qe2 O-O-O 12. a4 Nh6 13. O-O Bd6 14. d4 Nf5
15. dxc5 Bxc5 16. b4 Bd6 17. Na3 Kb8 18. Bxd7 Rxd7 19. Nb5 e5 20. Rd1 d4 21.
cxd4 Nxd4 22. Nxd4 exd4 23. Qg4 Rf7 24. Ra2 Bxb4 25. Bg5 Qf3 26. Qxd4 Re8 27.
Rc2 a5 28. Be3 Rxe3 29. Rc8+ 1-0

[Event "Laval op"]
[Site "Laval CAN"]
[Date "2015.06.20"]
[Round "2"]
[White "Nicula, Marius"]
[Black "Rodrigue-Lemieux, Shawn"]
[Result "1-0"]
[WhiteElo "2164"]
[BlackElo "1668"]
[PlyCount "81"]
[EventDate "2015.06.19"]
[EventType "swiss"]
[EventRounds "5"]
[EventCountry "CAN"]

1. Nf3 d5 2. d4 Nf6 3. c4 e6 4. g3 b6 5. Bg2 Bb7 6. O-O Be7 7. Ne5 O-O 8. Nc3
c5 9. dxc5 bxc5 10. Qb3 Nc6 11. Qxb7 Nxe5 12. cxd5 Rb8 13. Qxa7 exd5 14. Qa4 d4
15. Ne4 Nxe4 16. Bxe4 Rb4 17. Qc2 h6 18. Bd2 Rb8 19. Bf4 f6 20. a4 Qa5 21. Bd2
Qa6 22. f4 Nd7 23. Bd5+ Kh8 24. a5 Qb5 25. b3 Bd6 26. Qf5 Rfe8 27. Be4 Nf8 28.
Bd3 Qxb3 29. a6 Ra8 30. Rfb1 Qe6 31. Qxe6 Nxe6 32. Rb6 Bb8 33. Be4 Ba7 34. Rxe6
Rxe6 35. Bxa8 Rxe2 36. Be1 c4 37. Bf2 c3 38. Bf3 Rb2 39. Be4 c2 40. Rc1 Ra2 41.
Rxc2 1-0

[Event "Laval op"]
[Site "Laval CAN"]
[Date "2015.06.20"]
[Round "3"]
[White "Rodrigue-Lemieux, Shawn"]
[Black "Sprumont, Oscar"]
[Result "0-1"]
[WhiteElo "1668"]
[BlackElo "1975"]
[PlyCount "132"]
[EventDate "2015.06.19"]
[EventType "swiss"]
[EventRounds "5"]
[EventCountry "CAN"]

1. a3 Nf6 2. c4 g6 3. e3 Bg7 4. d4 d5 5. Nf3 O-O 6. Bd3 b6 7. O-O Bb7 8. Nc3
Nbd7 9. cxd5 Nxd5 10. e4 Nxc3 11. bxc3 c5 12. Bb2 cxd4 13. cxd4 Nc5 14. dxc5
Bxb2 15. Ra2 Bg7 16. Qe2 Qd7 17. Rd1 Qe6 18. Bc4 Qxe4 19. Rd7 e6 20. Qxe4 Bxe4
21. Ng5 Bc6 22. Rc7 Bd5 23. Bxd5 exd5 24. Rd2 h6 25. Nf3 Rac8 26. cxb6 axb6 27.
Rdc2 Rxc7 28. Rxc7 Ra8 29. h3 Rxa3 30. Rc8+ Kh7 31. Rd8 d4 32. Nxd4 Ra1+ 33.
Kh2 Rd1 34. Nc6 Rxd8 35. Nxd8 b5 36. Nc6 Bc3 37. Kg3 b4 38. Na5 Kg7 39. Kf4 f5
40. g4 fxg4 41. hxg4 Kf7 42. Ke4 Ke6 43. f4 g5 44. fxg5 hxg5 45. Nb3 Be1 46.
Nc5+ Kd6 47. Nd3 Bc3 48. Nc1 Kc5 49. Kd3 Kd5 50. Ne2 Ke5 51. Ke3 Bb2 52. Kd3
Kd5 53. Kc2 Bf6 54. Kd3 b3 55. Ng3 Be5 56. Ne4 b2 57. Nd2 Bf4 58. Nb1 Bc1 59.
Ke2 Ke4 60. Na3 Kf4 61. Kf2 Kxg4 62. Kg2 Kf4 63. Nb1 Ke4 64. Kg3 Kd3 65. Na3
Kc3 66. Nb5+ Kb4 0-1

[Event "Laval op"]
[Site "Laval CAN"]
[Date "2015.06.21"]
[Round "4"]
[White "Lepine, Cedric"]
[Black "Rodrigue-Lemieux, Shawn"]
[Result "1-0"]
[WhiteElo "2069"]
[BlackElo "1668"]
[PlyCount "73"]
[EventDate "2015.06.19"]
[EventType "swiss"]
[EventRounds "5"]
[EventCountry "CAN"]

1. d4 d5 2. c4 e5 3. dxe5 d4 4. Nf3 Nc6 5. g3 Nge7 6. Bg5 Be6 7. Nbd2 Qd7 8.
Bxe7 Bxe7 9. Bg2 Bh3 10. O-O h5 11. b4 Bxg2 12. Kxg2 g5 13. b5 g4 14. bxc6 Qxc6
15. Nb3 gxf3+ 16. exf3 O-O-O 17. Na5 Qc5 18. Qa4 Qb4 19. Qxb4 Bxb4 20. Nb3 Rh6
21. Rfd1 Bc3 22. Rac1 a5 23. Rd3 Rc6 24. Nd2 Bxd2 25. Rxd2 b5 26. c5 Rd5 27. f4
Rcxc5 28. Rxc5 Rxc5 29. Rxd4 Rc2 30. Kf3 Rxa2 31. f5 Ra4 32. Rd5 c6 33. Rd6 Kc7
34. f6 Ra3+ 35. Kg2 b4 36. e6 fxe6 37. Rd1 1-0

[Event "Laval op"]
[Site "Laval CAN"]
[Date "2015.06.21"]
[Round "5"]
[White "Rodrigue-Lemieux, Shawn"]
[Black "Pomerantz, Daniel"]
[Result "0-1"]
[WhiteElo "1668"]
[BlackElo "1925"]
[PlyCount "84"]
[EventDate "2015.06.19"]
[EventType "swiss"]
[EventRounds "5"]
[EventCountry "CAN"]

1. d4 Nf6 2. Nf3 e6 3. e3 c5 4. b3 cxd4 5. exd4 Nc6 6. Bd3 d5 7. O-O Qc7 8. Bb2
Bd6 9. Nbd2 Nb4 10. Bb5+ Bd7 11. Bxd7+ Nxd7 12. c4 Nf6 13. cxd5 Nfxd5 14. Ne4
Bf4 15. g3 Bh6 16. Ne5 g6 17. Qf3 O-O 18. Ng4 Bg7 19. Rac1 Qe7 20. Ne5 Rac8 21.
a3 Nc6 22. Nxc6 Rxc6 23. Rxc6 bxc6 24. Rc1 Rc8 25. Rc5 f5 26. Nd2 e5 27. Qd3 e4
28. Qc4 Qe6 29. Nf1 f4 30. gxf4 Nxf4 31. Qxe6+ Nxe6 32. Rc4 Nf4 33. Ng3 Nd3 34.
Bc3 Rf8 35. Nxe4 Rf4 36. Ng3 Rxf2 37. Rxc6 Rc2 38. Rc8+ Kf7 39. Ne4 Ke6 40. Rc4
Kd5 41. Ra4 Kxe4 42. d5+ Kf3 0-1

[Event "Montreal CC-ch"]
[Site "Montreal CAN"]
[Date "2015.06.12"]
[Round "1"]
[White "Rodrigue-Lemieux, Shawn"]
[Black "Berthiaume, Yves"]
[Result "1-0"]
[WhiteElo "1959"]
[BlackElo "1372"]
[PlyCount "103"]
[EventDate "2015.06.12"]
[EventType "swiss"]
[EventRounds "5"]
[EventCountry "CAN"]

1. e4 c6 2. d4 d5 3. Nc3 dxe4 4. Nxe4 Bf5 5. Ng3 Bg6 6. h4 h6 7. h5 Bh7 8. Nf3
e6 9. Bd3 Bxd3 10. Qxd3 Nd7 11. Bd2 Ngf6 12. O-O-O Qc7 13. Ne4 Be7 14. Kb1
O-O-O 15. Nxf6 Bxf6 16. Qe4 Rde8 17. Bf4 e5 18. dxe5 Nxe5 19. Nxe5 Bxe5 20.
Rhe1 f6 21. a3 Kb8 22. Bg3 Qf7 23. f4 f5 24. fxe5 fxe4 25. e6+ Qc7 26. Bxc7+
Kxc7 27. Rxe4 Re7 28. Rg4 Rd8 29. Rxd8 Kxd8 30. Rg6 Kc7 31. g4 Kd6 32. Kc1 Ke5
33. Kd2 c5 34. Kd3 b5 35. c3 c4+ 36. Ke3 a6 37. Kf3 a5 38. g5 Kf5 39. gxh6 gxh6
40. Rxh6 Kg5 41. Rh8 Rxe6 42. h6 Kg6 43. h7 Kg7 44. Rb8 Rf6+ 45. Ke3 Kxh7 46.
Rxb5 Ra6 47. Kd4 Rc6 48. a4 Kg6 49. Rxa5 Rb6 50. Rb5 Ra6 51. a5 Kf6 52. Rb6+
1-0

[Event "Montreal CC-ch"]
[Site "Montreal CAN"]
[Date "2015.06.13"]
[Round "2"]
[White "Johnson-Constantin, Matthieu"]
[Black "Rodrigue-Lemieux, Shawn"]
[Result "0-1"]
[WhiteElo "1725"]
[BlackElo "1959"]
[PlyCount "78"]
[EventDate "2015.06.12"]
[EventType "swiss"]
[EventRounds "5"]
[EventCountry "CAN"]

1. c4 e5 2. Nc3 Nf6 3. g3 Bc5 4. Bg2 O-O 5. Nf3 e4 6. Ng5 Bxf2+ 7. Kxf2 Ng4+ 8.
Ke1 Qxg5 9. Nxe4 Qg6 10. h4 d6 11. h5 Qf5 12. e3 Bd7 13. Rh4 Re8 14. Qf3 Ne5
15. Qxf5 Bxf5 16. b3 Nbc6 17. d4 Ng4 18. Bf3 Bxe4 19. Bxg4 Nb4 20. Bd1 Re7 21.
Kd2 Rae8 22. a3 Nc6 23. d5 Nb8 24. Kc3 Nd7 25. b4 b5 26. cxb5 Nb6 27. Bb3 Bxd5
28. Bc2 Bf3 29. Kd4 Re5 30. a4 Rd5+ 31. Kc3 Rxh5 32. Rxh5 Bxh5 33. a5 Nd5+ 34.
Kd4 Nxb4 35. Bb1 c5+ 36. bxc6 Nxc6+ 37. Kd5 Nxa5 38. Kxd6 Nb3 39. Kd7 Rf8 0-1

[Event "Montreal CC-ch"]
[Site "Montreal CAN"]
[Date "2015.06.13"]
[Round "3"]
[White "Rodrigue-Lemieux, Shawn"]
[Black "Struben, Jeroen"]
[Result "1-0"]
[WhiteElo "1959"]
[BlackElo "1774"]
[PlyCount "63"]
[EventDate "2015.06.12"]
[EventType "swiss"]
[EventRounds "5"]
[EventCountry "CAN"]

1. e4 d6 2. d4 Nf6 3. Nc3 g6 4. Bc4 c6 5. Bg5 Bg7 6. Nge2 b5 7. Bd3 b4 8. Nb1
O-O 9. Qd2 a5 10. O-O c5 11. c3 Ba6 12. f4 Qb6 13. Kh1 c4 14. Bc2 Nbd7 15. h3
Bb7 16. Qe3 bxc3 17. Nbxc3 h6 18. Bh4 e5 19. Na4 Qc6 20. d5 Qc7 21. fxe5 dxe5
22. Bxf6 Nxf6 23. Rac1 Nd7 24. Bb3 f5 25. Rxc4 Qd6 26. Rc6 Qb4 27. Rxg6 Kh7 28.
exf5 Rxf5 29. Rxg7+ Kxg7 30. Rxf5 Qe1+ 31. Kh2 Ra6 32. Qg3+ 1-0

[Event "Montreal CC-ch"]
[Site "Montreal CAN"]
[Date "2015.06.14"]
[Round "4"]
[White "Cloutier, Mathieu"]
[Black "Rodrigue-Lemieux, Shawn"]
[Result "0-1"]
[WhiteElo "2142"]
[BlackElo "1959"]
[PlyCount "126"]
[EventDate "2015.06.12"]
[EventType "swiss"]
[EventRounds "5"]
[EventCountry "CAN"]

1. e4 c6 2. d4 d5 3. Nc3 dxe4 4. Nxe4 Bf5 5. Ng3 Bg6 6. N1e2 Nf6 7. Nf4 e6 8.
h4 e5 9. Qe2 Qxd4 10. c3 Qd6 11. h5 Bc2 12. Nh3 Ba4 13. b3 Bb5 14. c4 Qd4 15.
Rb1 Bb4+ 16. Bd2 Bxd2+ 17. Qxd2 Qxd2+ 18. Kxd2 Ba6 19. Re1 Nbd7 20. Ng5 h6 21.
N5e4 Nxe4+ 22. Nxe4 O-O 23. g4 Rad8 24. Bd3 b6 25. Ke3 Nb8 26. Rhg1 f6 27. Rd1
Bb7 28. Bc2 Bc8 29. c5 Rxd1 30. Bxd1 Be6 31. Be2 Nd7 32. Rc1 Bd5 33. Bc4 Rd8
34. b4 bxc5 35. Nxc5 Bxc4 36. Rxc4 Nb6 37. Re4 Rd1 38. Kf3 Nd5 39. a4 Kf7 40.
Rc4 Ke7 41. Ne4 Rd3+ 42. Ke2 Nf4+ 43. Ke1 Rd4 44. Rxd4 exd4 45. Kd2 Ke6 46. b5
cxb5 47. axb5 Kd5 48. Ng3 Nh3 49. Ke2 d3+ 50. Ke3 d2 51. Kxd2 Nxf2 52. Nf5 Nxg4
53. Nxg7 Kc5 54. Nf5 Kxb5 55. Ke2 Kc5 56. Kf3 Ne5+ 57. Ke4 Nf7 58. Ne3 Nd6+ 59.
Kf4 a5 60. Ng4 a4 61. Nxh6 a3 62. Nf5 Nxf5 63. Kxf5 a2 0-1

[Event "Montreal CC-ch"]
[Site "Montreal CAN"]
[Date "2015.06.14"]
[Round "5"]
[White "Rodrigue-Lemieux, Shawn"]
[Black "Pomerantz, Daniel"]
[Result "1/2-1/2"]
[WhiteElo "1959"]
[BlackElo "2021"]
[PlyCount "153"]
[EventDate "2015.06.12"]
[EventType "swiss"]
[EventRounds "5"]
[EventCountry "CAN"]

1. e4 c5 2. Nf3 e6 3. g3 Nc6 4. d4 cxd4 5. Nxd4 Qc7 6. Nc3 a6 7. Bg2 Nf6 8. O-O
h5 9. Re1 Bc5 10. Nd5 Nxd5 11. Nxc6 Nf6 12. Nd4 Ng4 13. Re2 h4 14. h3 Ne5 15.
g4 Ng6 16. Qd2 d6 17. b4 Ba7 18. Bb2 Kf8 19. b5 e5 20. Nf5 Bc5 21. a4 axb5 22.
axb5 Rxa1+ 23. Bxa1 Nf4 24. Re1 g6 25. Ne3 Be6 26. Bc3 Ke7 27. Rd1 Rc8 28. Bb4
Bxb4 29. Qxb4 Qc5 30. Qa4 Ne2+ 31. Kh2 Nc3 32. Qa1 Nxd1 33. Qxd1 Qxb5 34. Qd2
f6 35. g5 fxg5 36. Nd5+ Bxd5 37. Qxg5+ Kd7 38. exd5 Kc7 39. Qxg6 Qc5 40. Qf6
Qb4 41. c4 Kb6 42. Bf1 Kc5 43. Qxh4 Qe1 44. Bg2 Rf8 45. Qe7 Qxf2 46. Qc7+ Kd4
47. Qb6+ Kxc4 48. Qc7+ Qc5 49. Qxb7 Rf2 50. Qa6+ Kd4 51. Qa4+ Kc3 52. Qa1+ Kb4
53. Qb1+ Ka5 54. Qa1+ Kb6 55. Qb1+ Qb5 56. Qg1 Qe2 57. h4 Kc5 58. Qc1+ Kd4 59.
Qa1+ Qb2 60. Qa4+ Kc3 61. Qa5+ Kd3 62. Qa6+ Ke3 63. Qa7+ Ke2 64. Qa6+ Ke1 65.
Qa5+ Qd2 66. Qa1+ Ke2 67. Qa6+ Ke3 68. Qa7+ Qd4 69. Qa3+ Qd3 70. Qa7+ Ke2 71.
Qa2+ Ke1 72. Qa1+ Qd1 73. Qc3+ Qd2 74. Qa1+ Ke2 75. Qa6+ Qd3 76. Qa2+ Ke3 77.
Qa7+ 1/2-1/2

[Event "Mercredi 2015.05.13 ABCD"]
[Site "Montreal CAN"]
[Date "2015.05.20"]
[Round "2"]
[White "Rodrigue-Lemieux, Shawn"]
[Black "Beaulieu, Pierre"]
[Result "1-0"]
[WhiteElo "1929"]
[BlackElo "1982"]
[PlyCount "38"]
[EventDate "2015.05.13"]
[EventType "tourn"]
[EventRounds "5"]
[EventCountry "CAN"]

1. e4 e6 2. d3 d5 3. Nd2 Nc6 4. g3 Nf6 5. Bg2 Bc5 6. Ngf3 dxe4 7. dxe4 e5 8.
O-O Bg4 9. c3 a6 10. Qc2 Qe7 11. h3 Bh5 12. a4 O-O 13. g4 Bg6 14. Nh4 Nxg4 15.
Nxg6 fxg6 16. hxg4 Rxf2 17. Rxf2 Bxf2+ 18. Kxf2 Qc5+ 19. Kg3 Nd4 1-0

[Event "Mercredi 2015.05.13 ABCD"]
[Site "Montreal CAN"]
[Date "2015.05.27"]
[Round "3"]
[White "Pomerantz, Daniel"]
[Black "Rodrigue-Lemieux, Shawn"]
[Result "1-0"]
[WhiteElo "1993"]
[BlackElo "1929"]
[PlyCount "39"]
[EventDate "2015.05.13"]
[EventType "tourn"]
[EventRounds "5"]
[EventCountry "CAN"]

1. e4 c6 2. c4 e6 3. Nc3 d5 4. d4 Bb4 5. exd5 exd5 6. Bd3 Nf6 7. Nge2 O-O 8.
O-O dxc4 9. Bxc4 Nbd7 10. a3 Ba5 11. Bg5 Bc7 12. h3 h6 13. Bh4 Nb6 14. Bb3 Bf5
15. d5 g5 16. Bg3 Nbxd5 17. Qd2 Bxg3 18. fxg3 Bg6 19. Rxf6 Re8 20. Rf2 1-0

[Event "Mercredi 2015.05.13 ABCD"]
[Site "Montreal CAN"]
[Date "2015.06.03"]
[Round "4"]
[White "Rodrigue-Lemieux, Shawn"]
[Black "Nunez, Omar"]
[Result "1-0"]
[WhiteElo "1929"]
[BlackElo "1911"]
[PlyCount "113"]
[EventDate "2015.05.13"]
[EventType "tourn"]
[EventRounds "5"]
[EventCountry "CAN"]

1. e4 d5 2. exd5 Qxd5 3. Nc3 Qa5 4. d4 Nf6 5. Bc4 Nc6 6. Nf3 Bg4 7. O-O O-O-O
8. Be3 Qh5 9. Be2 e5 10. h3 exd4 11. hxg4 Nxg4 12. Bf4 dxc3 13. Nd4 f5 14. bxc3
Bc5 15. Bxg4 fxg4 16. Qe2 Nxd4 17. cxd4 Bxd4 18. Qe6+ Kb8 19. Rab1 Rhf8 20.
Bxc7+ Kxc7 21. Qe7+ Rd7 22. Rxb7+ Kxb7 23. Qxd7+ Ka8 24. Qc6+ Kb8 25. Qd6+ Kb7
26. Rb1+ Bb6 27. Qxf8 Qe5 28. Qf7+ Kb8 29. Qb3 g3 30. Qxg3 Qxg3 31. Rxb6+ axb6
32. fxg3 Kc7 33. Kf2 Kc6 34. Ke3 Kb5 35. Kd4 Kb4 36. c4 Ka3 37. c5 bxc5+ 38.
Kxc5 Kxa2 39. Kd6 Kb3 40. Ke7 Kc4 41. Kf7 Kd4 42. Kxg7 Ke5 43. Kh6 Kf5 44. Kh5
Kf6 45. g4 Kf7 46. g5 Kg7 47. g3 Kf8 48. g6 Kg7 49. gxh7 Kxh7 50. Kg5 Kg7 51.
g4 Kf7 52. Kh6 Kg8 53. Kg6 Kh8 54. g5 Kg8 55. Kh6 Kh8 56. g6 Kg8 57. g7 1-0

[Event "Mercredi 2015.05.13 ABCD"]
[Site "Montreal CAN"]
[Date "2015.06.10"]
[Round "5"]
[White "Jacquet, Stephane"]
[Black "Rodrigue-Lemieux, Shawn"]
[Result "0-1"]
[WhiteElo "1988"]
[BlackElo "1929"]
[PlyCount "68"]
[EventDate "2015.05.13"]
[EventType "tourn"]
[EventRounds "5"]
[EventCountry "CAN"]

1. c4 e5 2. g3 Nf6 3. Bg2 Bc5 4. Nc3 O-O 5. d3 Nc6 6. Nf3 d6 7. O-O h6 8. a3 a5
9. Bd2 Bf5 10. Nd5 Nxd5 11. cxd5 Ne7 12. Bxa5 Rxa5 13. b4 Bxb4 14. axb4 Rxd5
15. Ra5 Rxa5 16. bxa5 Nc6 17. Qa4 Qa8 18. Nd2 Qxa5 19. Bxc6 Qxd2 20. Bf3 Qb2
21. Kg2 c6 22. Ra1 d5 23. Ra2 Qb6 24. Ra3 Qc5 25. Rb3 b5 26. Qh4 Qd6 27. g4 Be6
28. Rb1 f5 29. gxf5 Bxf5 30. Rg1 Qf6 31. Qb4 Bxd3 32. Kh1 e4 33. Bh5 Bc4 34. f3
Bxe2 0-1

[Event "Quebec-ch U20"]
[Site "Montreal CAN"]
[Date "2015.04.18"]
[Round "3"]
[White "Rodrigue-Lemieux, Shawn"]
[Black "Johnson-Constantin, Matthieu"]
[Result "1/2-1/2"]
[WhiteElo "1984"]
[BlackElo "1798"]
[PlyCount "70"]
[EventDate "2015.04.17"]
[EventType "swiss"]
[EventRounds "5"]
[EventCountry "CAN"]

1. e4 e6 2. d4 d5 3. Nc3 Bb4 4. e5 c5 5. a3 cxd4 6. axb4 dxc3 7. bxc3 Qc7 8.
Qd4 Nc6 9. Bb5 Nge7 10. Nf3 O-O 11. Qc5 b6 12. Qd6 Qb7 13. Ba6 Qxa6 14. Rxa6
Bxa6 15. Bg5 Rfd8 16. Bxe7 Rxd6 17. Bxd6 Rc8 18. Kd2 Bb5 19. Nd4 Nxd4 20. cxd4
Bc4 21. Ra1 a6 22. g4 Bb5 23. f4 h6 24. f5 Kh7 25. c3 g6 26. fxe6 fxe6 27. Rg1
Kg7 28. Rg3 Be8 29. Rf3 Bf7 30. Kc2 b5 31. Be7 g5 32. Bf6+ Kg6 33. h4 gxh4 34.
Bxh4 Kg7 35. Rf6 Rf8 1/2-1/2

[Event "Mercredi 2015.04.01 ABCD"]
[Site "Montreal CAN"]
[Date "2015.04.01"]
[Round "1"]
[White "Jacquet, Stephane"]
[Black "Rodrigue-Lemieux, Shawn"]
[Result "0-1"]
[WhiteElo "1995"]
[BlackElo "1950"]
[PlyCount "96"]
[EventDate "2015.04.01"]
[EventType "tourn"]
[EventRounds "5"]
[EventCountry "CAN"]

1. d4 d5 2. c4 e5 3. dxe5 d4 4. Nf3 Nc6 5. g3 Nge7 6. Bg2 Ng6 7. O-O Be7 8. Na3
Ngxe5 9. Bf4 f6 10. Nxe5 Nxe5 11. h4 O-O 12. Qc2 Ng6 13. Bd2 Bg4 14. Rfe1 Ne5
15. Bd5+ Kh8 16. f3 Bh5 17. Be4 f5 18. Bxf5 Bxh4 19. Kg2 Be7 20. Rh1 d3 21.
Bxd3 Bxf3+ 22. exf3 Qxd3 23. Qxd3 Nxd3 24. Bc3 Bxa3 25. bxa3 Rae8 26. f4 Re2+
27. Kf3 Rc2 28. Bd4 Rxc4 29. Bxa7 b6 30. Rhd1 Ne5+ 31. Kg2 Nc6 32. Rac1 Rxc1
33. Rxc1 Nxa7 34. Rxc7 Ra8 35. Kf3 Nb5 36. Rb7 Rxa3+ 37. Kg4 Kg8 38. Rxb6 Nd4
39. Rb8+ Kf7 40. Rb7+ Kf6 41. Rb6+ Ne6 42. Rb2 g6 43. Kh4 h6 44. Kg4 Ra6 45.
Kf3 h5 46. Rd2 Ra5 47. Ke4 Ra3 48. Rd3 Nc5+ 0-1

[Event "Mercredi 2015.04.01 ABCD"]
[Site "Montreal CAN"]
[Date "2015.04.08"]
[Round "2"]
[White "Have, Didier"]
[Black "Rodrigue-Lemieux, Shawn"]
[Result "1-0"]
[WhiteElo "1922"]
[BlackElo "1950"]
[PlyCount "65"]
[EventDate "2015.04.01"]
[EventType "tourn"]
[EventRounds "5"]
[EventCountry "CAN"]

1. e4 c6 2. d4 d5 3. exd5 cxd5 4. Bd3 Nf6 5. c3 Nc6 6. Bf4 e6 7. Nf3 Be7 8. O-O
O-O 9. Nbd2 Nh5 10. Bg3 Nxg3 11. fxg3 f5 12. Qe2 Bd7 13. Rae1 Bd6 14. Nb3 Qb6
15. Kh1 Rae8 16. Qc2 Rc8 17. Qd2 a5 18. Bb1 a4 19. Nc1 Na5 20. Nd3 Nc4 21. Qc2
Rf6 22. Nde5 Be8 23. Nxc4 dxc4 24. Rxe6 Rxe6 25. Qxf5 Bf8 26. Ng5 Bg6 27. Qxe6+
Qxe6 28. Nxe6 Bxb1 29. Rxb1 Bd6 30. Kg1 Rc6 31. Re1 a3 32. bxa3 Bxa3 33. Nd8
1-0

[Event "Mercredi 2015.04.01 ABCD"]
[Site "Montreal CAN"]
[Date "2015.04.29"]
[Round "5"]
[White "Rodrigue-Lemieux, Shawn"]
[Black "Pomerantz, Daniel"]
[Result "1/2-1/2"]
[WhiteElo "1950"]
[BlackElo "2003"]
[PlyCount "109"]
[EventDate "2015.04.01"]
[EventType "tourn"]
[EventRounds "5"]
[EventCountry "CAN"]

1. e4 c5 2. Nf3 Nc6 3. Bb5 g6 4. O-O Bg7 5. Bxc6 dxc6 6. h3 Nf6 7. Nc3 Nd7 8.
d3 e5 9. Be3 Qe7 10. a4 Nf8 11. a5 Ne6 12. Na4 O-O 13. c3 Rd8 14. Qc2 Rb8 15.
b4 b6 16. axb6 axb6 17. bxc5 b5 18. Nb6 Nxc5 19. Nxc8 Rbxc8 20. Rfd1 Ra8 21.
Rxa8 Rxa8 22. d4 Nd7 23. d5 c5 24. Qb3 Ra5 25. d6 Qe6 26. Qxe6 fxe6 27. Ng5 Bh6
28. Nxe6 Bxe3 29. fxe3 b4 30. cxb4 cxb4 31. Rb1 Rb5 32. Nc7 Rb7 33. Nd5 b3 34.
Ne7+ Kf7 35. Nc6 Rb6 36. Na5 Nc5 37. Nc4 Rb4 38. Nxe5+ Ke6 39. Nc6 Rxe4 40.
Nd4+ Kxd6 41. Kf2 g5 42. Nxb3 Nxb3 43. Rxb3 Ke7 44. Rb6 Kf7 45. Kf3 Ra4 46. g3
h5 47. g4 hxg4+ 48. hxg4 Kg7 49. Rd6 Kf7 50. Rd4 Ra5 51. Ke4 Ke6 52. Rb4 Re5+
53. Kd3 Rd5+ 54. Rd4 Ra5 55. Rb4 1/2-1/2

[Event "Gatineau op"]
[Site "Gatineau CAN"]
[Date "2015.03.06"]
[Round "1"]
[White "Wan, Kevin"]
[Black "Rodrigue-Lemieux, Shawn"]
[Result "1-0"]
[WhiteElo "2254"]
[BlackElo "1939"]
[PlyCount "115"]
[EventDate "2015.03.06"]
[EventType "swiss"]
[EventRounds "5"]
[EventCountry "CAN"]

1. e4 c5 2. Nf3 d6 3. d4 cxd4 4. Nxd4 Nf6 5. Nc3 Nc6 6. f3 e5 7. Nb3 Be7 8. Be3
O-O 9. Qd2 Be6 10. Nd5 Rc8 11. Be2 Bxd5 12. exd5 Nxd5 13. Qxd5 Nb4 14. Qxb7
Nxc2+ 15. Kf2 Nxa1 16. Rxa1 d5 17. Rc1 d4 18. Bd2 Rxc1 19. Nxc1 Bd6 20. g3 f5
21. Qd5+ Kh8 22. Kg2 Qf6 23. Nd3 Re8 24. Nf2 Bf8 25. Bd3 g6 26. Qd7 Re7 27. Qc8
Qf7 28. b3 Re8 29. Qc6 Bg7 30. Bc4 Qe7 31. Bd3 Qf7 32. h4 Re6 33. Qd5 Re7 34.
Qc6 Re6 35. Qc5 Bf8 36. Qc4 Re7 37. Qb5 Bg7 38. Bg5 Rb7 39. Qc6 h6 40. Bd2 Rc7
41. Qa8+ Kh7 42. g4 Qd7 43. Qb8 Rb7 44. Qa8 Rc7 45. Qb8 Rb7 46. Qa8 Rc7 47. h5
Rc8 48. hxg6+ Kh8 49. Bb5 Rxa8 50. Bxd7 fxg4 51. fxg4 Rd8 52. Bf5 Rd6 53. Kf3
Kg8 54. Ke4 Ra6 55. a4 Rb6 56. Nd3 Kf8 57. b4 Ke7 58. b5 1-0

[Event "Gatineau op"]
[Site "Gatineau CAN"]
[Date "2015.03.07"]
[Round "2"]
[White "Rodrigue-Lemieux, Shawn"]
[Black "Simic, Dusan"]
[Result "1/2-1/2"]
[WhiteElo "1939"]
[BlackElo "2133"]
[PlyCount "79"]
[EventDate "2015.03.06"]
[EventType "swiss"]
[EventRounds "5"]
[EventCountry "CAN"]

1. e4 e6 2. d4 d5 3. Nc3 Nf6 4. Bg5 Be7 5. e5 Nfd7 6. Bxe7 Qxe7 7. f4 a6 8. Qg4
f5 9. Qh5+ g6 10. Qh6 c5 11. Nf3 Nc6 12. O-O-O b5 13. h4 Bb7 14. h5 cxd4 15.
Ne2 d3 16. cxd3 O-O-O 17. hxg6 hxg6 18. Qxh8 Rxh8 19. Rxh8+ Kc7 20. d4 Qg7 21.
Rh3 Kb6 22. Ng5 Nf8 23. Nc3 Nd8 24. Kb1 Nf7 25. Nxf7 Qxf7 26. Bd3 g5 27. Rh6
gxf4 28. Rf6 Qg7 29. Rf1 Bc6 30. Rxf4 Qg3 31. Rf3 Qxg2 32. Rf1 b4 33. Rxf8 bxc3
34. bxc3 Qd2 35. Bc2 Qxc3 36. Rf6 Qb4+ 37. Kc1 Bd7 38. Rd1 a5 39. Bxf5 Qa3+ 40.
Kb1 1/2-1/2

[Event "Gatineau op"]
[Site "Gatineau CAN"]
[Date "2015.03.07"]
[Round "3"]
[White "Gauthier, Denis"]
[Black "Rodrigue-Lemieux, Shawn"]
[Result "0-1"]
[WhiteElo "1931"]
[BlackElo "1939"]
[PlyCount "106"]
[EventDate "2015.03.06"]
[EventType "swiss"]
[EventRounds "5"]
[EventCountry "CAN"]

1. Nf3 d5 2. d3 Nf6 3. g3 e6 4. Bg2 Be7 5. O-O O-O 6. c3 c5 7. Nbd2 Nc6 8. Qc2
b6 9. Re1 Bb7 10. e4 Rc8 11. a3 Ba6 12. b3 dxe4 13. dxe4 Bd3 14. Qb2 c4 15. b4
b5 16. h3 Nd7 17. Nf1 Nb6 18. Bf4 Na4 19. Qd2 a5 20. Ne5 Nxe5 21. Bxe5 Bd6 22.
Bxd6 Qxd6 23. e5 Qb6 24. Rac1 axb4 25. axb4 Rfd8 26. Qg5 Bg6 27. h4 h6 28. Qf4
Rd3 29. Re3 Rcd8 30. g4 Rd1 31. Rxd1 Rxd1 32. h5 Bd3 33. g5 Bxf1 34. Bxf1 hxg5
35. Qxg5 Qd8 36. Qg4 Rc1 37. Rg3 Qf8 38. Qd4 Re1 39. f3 Qb8 40. f4 Qb6 41. Qxb6
Nxb6 42. Kf2 Rc1 43. Bg2 Na4 44. Bc6 Nxc3 45. Rf3 Nd5 46. Bxb5 Nxb4 47. Ke2 c3
48. Ba4 Nd5 49. Kd3 Nb4+ 50. Ke2 c2 51. Rc3 Rh1 52. Kd2 Rh2+ 53. Ke1 Nd3+ 0-1